| 000 | 00966nam a2200181 i 4500 | ||
|---|---|---|---|
| 001 | 182801 | ||
| 003 | ES-MaACL | ||
| 005 | 20230906221720.0 | ||
| 008 | 131105s1818 sp |||| | spa d | ||
| 245 | 0 | 0 |
_aExamen y juicio crítico del folleto titulado Manifiesto que hace a las naciones el Congreso General de las Provincias-Unidas del Río de la Plata, sobre el tratamiento y crueldades que han sufrido de los españoles, y motivado la declaración de su independencia / _cpor Un Americano del Sud. |
| 260 |
_aMadrid : _ben la Imprenta Real, _c1818. |
||
| 300 |
_a158 [i.e. 156] p. ; _c14 cm. |
||
| 530 | _aDisponible en formato digital. | ||
| 597 | _aEntre las p. 46 y 49, 1 h. en bl. contabilizada. | ||
| 651 | 4 |
_aRío de la Plata (Virreinato)- _vHistoria. _9137351 |
|
| 852 |
_aES-MaACL _jT-24-F-11 _q.-Falto de la cub. original _z.- Enc. en un vol. facticio |
||
| 856 |
_uhttp://bdh-rd.bne.es/viewer.vm?id=0000129243&page=1 _zBiblioteca Digital Hispánica |
||
| 999 |
_c182801 _d182801 |
||